Vida religiosa y derechos humanos
| Hovedforfatter: | |
|---|---|
| Format: | Bog |
| Sprog: | spansk |
| Udgivet: |
Bogotá, Colombia :
Confederación Latinoamericana de Religiosos,
1978
|
| Fag: |
MARC
| LEADER | 00000nam a2200000Ia 4500 | ||
|---|---|---|---|
| 008 | 170320b1978 ck ||||| |||| 00| | spa d | ||
| 999 | |c 1155 |d 1155 | ||
| 090 | |a 248.4 |b A634v | ||
| 100 | 1 | |a Antochi, Ricardo |9 2584 | |
| 245 | 1 | 0 | |a Vida religiosa y derechos humanos |
| 260 | |a Bogotá, Colombia : |b Confederación Latinoamericana de Religiosos, |c 1978 | ||
| 300 | |a 125 páginas | ||
| 650 | 1 | 4 | |a PARTICIPACIÓN SOCIAL |9 822 |
| 650 | 1 | 4 | |a RELIGIÓN |9 814 |
| 650 | 1 | 4 | |a DERECHOS HUMANOS |9 588 |
| 651 | 4 | |a AMÉRICA LATINA |9 273 | |
| 942 | |i 366421 |h 248.4 A634v |2 z |c 01 | ||
